[Event "I. CLANSKA LIGA ZAHOD 2024"]
[Site "Komenda"]
[Date "2024.10.27"]
[Round "9.2"]
[White "Racnik, Tone"]
[Black "Pavlin, Ivan"]
[Result "1/2-1/2"]
[WhiteElo "1891"]
[BlackElo "1906"]
[PlyCount "64"]
[EventDate "2024.09.27"]
[WhiteTeam "SD VRHNIKA"]
[BlackTeam "SD SIJ ACRONI JESENICE"]

1. e4 c5 2. c4 e6 3. Nf3 d6 4. d4 cxd4 5. Nxd4 a6 6. Nc3 Nf6 7. Be2 Be7 8. O-O
O-O 9. Be3 Nbd7 10. b4 Qc7 11. Rc1 b6 12. b5 Nc5 13. f3 a5 14. Nc6 Bb7 15.
Nxe7+ Qxe7 16. Bg5 Rad8 17. Qe1 h6 18. Bh4 g5 19. Bg3 e5 20. Nd5 Nxd5 21. cxd5
Bc8 22. Bf2 Bd7 23. Bxc5 dxc5 24. g4 Kg7 25. Kg2 f6 26. a4 Be8 27. Rh1 Rh8 28.
Qg3 Bg6 29. h4 Qc7 30. Bc4 Qd6 31. Rh3 Rh7 32. Rch1 Rdh8 1/2-1/2

[Event "I. CLANSKA LIGA ZAHOD 2024"]
[Site "Komenda"]
[Date "2024.10.27"]
[Round "9.2"]
[White "Ravnik, Franc"]
[Black "Okorn, Nejc"]
[Result "0-1"]
[WhiteElo "1847"]
[BlackElo "1903"]
[PlyCount "118"]
[EventDate "2024.09.27"]
[WhiteTeam "SD SIJ ACRONI JESENICE"]
[BlackTeam "SD VRHNIKA"]

1. e4 e5 2. Nf3 Nc6 3. d4 exd4 4. Nxd4 Nf6 5. Nxc6 bxc6 6. Bd3 Qe7 7. Qe2 g6 8.
O-O Bg7 9. f4 O-O 10. Nc3 d6 11. Bd2 Nd7 12. Rae1 Nc5 13. Bc4 Be6 14. f5 Bxc4
15. Qxc4 Rab8 16. b4 Nd7 17. Qxc6 Ne5 18. Qa6 c6 19. a3 Rfe8 20. Qe2 a5 21.
bxa5 Qa7+ 22. Kh1 Qxa5 23. a4 Qc5 24. f6 Bf8 25. Ra1 d5 26. exd5 cxd5 27. Qf2
Qc6 28. Qh4 Re6 29. Ne2 Nd7 30. Nd4 Qc4 31. Rf4 Re4 32. Rxe4 dxe4 33. Qxe4 Nxf6
34. Qd3 Qc5 35. a5 Ng4 36. Be1 Rd8 37. c3 Re8 38. Qg3 h5 39. h3 Bd6 40. Qf3 Re3
41. Qa8+ Kg7 42. hxg4 Qe5 43. g3 Rxe1+ 44. Rxe1 Qxe1+ 45. Kg2 Qxg3+ 46. Kf1
Qd3+ 47. Kg2 Qd2+ 48. Kf1 hxg4 49. Qd5 Bf4 50. a6 Qc1+ 51. Kg2 Qb2+ 52. Kf1
Qa1+ 53. Kg2 Qxa6 54. c4 Qa2+ 55. Kf1 Qb1+ 56. Kg2 Qb2+ 57. Kf1 Qc1+ 58. Kg2
Qd2+ 59. Kf1 g3 0-1

[Event "I. CLANSKA LIGA ZAHOD 2024"]
[Site "Komenda"]
[Date "2024.10.27"]
[Round "9.2"]
[White "Zlindra, Aljaz"]
[Black "Cvetkov, Risto"]
[Result "1-0"]
[WhiteElo "1851"]
[BlackElo "1746"]
[PlyCount "71"]
[EventDate "2024.09.27"]
[WhiteTeam "SD VRHNIKA"]
[BlackTeam "SD SIJ ACRONI JESENICE"]

1. e4 c5 2. Nc3 e6 3. Nf3 Nc6 4. d4 cxd4 5. Nxd4 a6 6. Nxc6 bxc6 7. Bd3 Nf6 8.
O-O Be7 9. e5 Nd5 10. Ne4 O-O 11. c4 Nb4 12. Bb1 a5 13. Qh5 h6 14. Bxh6 f5 15.
exf6 Bxf6 16. Qg6 Qe7 17. Bg5 d5 18. Nxf6+ Rxf6 19. Bxf6 Qxf6 20. Qxf6 gxf6 21.
a3 Na6 22. cxd5 cxd5 23. f4 Nc5 24. Bc2 a4 25. Rfd1 Rb8 26. Rab1 Kf7 27. f5 Rb6
28. Rd4 Bd7 29. fxe6+ Kxe6 30. Rb4 Rxb4 31. axb4 Na6 32. Ra1 Nxb4 33. Bxa4 Bc6
34. Bxc6 Nxc6 35. Ra6 Kd7 36. Rxc6 1-0

[Event "I. CLANSKA LIGA ZAHOD 2024"]
[Site "Komenda"]
[Date "2024.10.27"]
[Round "9.3"]
[White "Stevanic, David"]
[Black "Srebrnic, Vojko"]
[Result "1-0"]
[WhiteElo "2242"]
[BlackElo "2074"]
[PlyCount "91"]
[EventDate "2024.09.27"]
[WhiteTeam "SK KOCEVJE"]
[BlackTeam "TAJFUN - SK LJUBLJANA"]

1. e4 c5 2. c3 g6 3. d4 cxd4 4. cxd4 d5 5. e5 Bg7 6. h3 Nc6 7. Nc3 f6 8. f4 Nh6
9. g4 Nf7 10. Bg2 e6 11. Nf3 Bd7 12. O-O O-O 13. g5 fxg5 14. fxg5 Ne7 15. h4
Nf5 16. Kh2 Qb6 17. Ne2 Bb5 18. Re1 Bxe2 19. Rxe2 Nd8 20. b3 Nc6 21. Bb2 Rac8
22. Rd2 Ne3 23. Qe2 Nxg2 24. Qxg2 Rf4 25. Qh3 Rf5 26. h5 Rcf8 27. hxg6 hxg6 28.
Nh4 Ne7 29. Nxf5 Nxf5 30. Rc1 Qd8 31. Rg2 Kf7 32. Qc3 Qd7 33. Qc7 Rd8 34. Rgc2
Ne7 35. Qxd7 Rxd7 36. Rc7 Ke8 37. Ba3 Nc6 38. Rc8+ Rd8 39. R1xc6 bxc6 40. Rxc6
Kf7 41. Rc7+ Kg8 42. Bc5 Bf8 43. Bxf8 Kxf8 44. Rxa7 Rc8 45. b4 Rc4 46. b5 1-0

[Event "I. CLANSKA LIGA ZAHOD 2024"]
[Site "Komenda"]
[Date "2024.10.27"]
[Round "9.3"]
[White "Persl, Bojan"]
[Black "Acimovic, Vasja"]
[Result "0-1"]
[WhiteElo "2040"]
[BlackElo "2287"]
[PlyCount "74"]
[EventDate "2024.09.27"]
[WhiteTeam "TAJFUN - SK LJUBLJANA"]
[BlackTeam "SK KOCEVJE"]

1. e4 c5 2. Nf3 Nc6 3. d4 cxd4 4. Nxd4 Nf6 5. Nc3 e6 6. Ndb5 Bb4 7. a3 Bxc3+ 8.
Nxc3 O-O 9. Bd3 Ne5 10. O-O h6 11. Bf4 d6 12. h3 a6 13. Re1 b5 14. Bf1 Bb7 15.
Qd2 Qe7 16. Rad1 Rfd8 17. Qc1 Rac8 18. f3 Nh5 19. Bxh6 gxh6 20. Qxh6 Qh4 21. f4
Ng6 22. f5 exf5 23. exf5 Nhf4 24. Qxh4 Nxh4 25. g3 Nf3+ 26. Kf2 Nxe1 27. Rxe1
Nh5 28. Re7 Rb8 29. g4 Nf6 30. g5 Nd7 31. h4 Ne5 32. h5 Rd7 33. Rxd7 Nxd7 34.
Bg2 Bxg2 35. Kxg2 Rc8 36. Kg3 Rc5 37. Kf4 Rc4+ 0-1

[Event "I. CLANSKA LIGA ZAHOD 2024"]
[Site "Komenda"]
[Date "2024.10.27"]
[Round "9.3"]
[White "Bajo, Tin"]
[Black "Zmavc, Mark"]
[Result "0-1"]
[WhiteElo "2007"]
[BlackElo "1967"]
[PlyCount "88"]
[EventDate "2024.09.27"]
[WhiteTeam "SK KOCEVJE"]
[BlackTeam "TAJFUN - SK LJUBLJANA"]

1. e4 c5 2. Nf3 e6 3. b3 Nf6 4. e5 Nd5 5. c4 Nb4 6. Bb2 Be7 7. Nc3 O-O 8. Ne4
d5 9. exd6 Bxd6 10. a3 N4c6 11. d4 cxd4 12. Nxd6 Qxd6 13. Nxd4 Nxd4 14. Qxd4
Qxd4 15. Bxd4 Nc6 16. Be3 Rd8 17. Be2 e5 18. Bf3 Be6 19. Bxc6 bxc6 20. Rd1 a5
21. a4 f6 22. Ke2 Rab8 23. Rxd8+ Rxd8 24. Rd1 Rb8 25. Rd6 Kf7 26. Rxc6 Rxb3 27.
Rc5 Rb4 28. Rxa5 Bxc4+ 29. Kf3 g5 30. h3 h5 31. g3 Ke6 32. Ra7 Bf1 33. g4 h4
34. Bc5 Rb3+ 35. Be3 Bxh3 36. Ra6+ Kf7 37. Rb6 Ra3 38. Rb4 Bf1 39. Re4 Ke6 40.
Rb4 Kd5 41. Rb5+ Bxb5 42. axb5 Rb3 43. b6 Kc6 44. Kg2 Rxe3 0-1

[Event "I. CLANSKA LIGA ZAHOD 2024"]
[Site "Komenda"]
[Date "2024.10.27"]
[Round "9.3"]
[White "Belyaletdinov, Leonard"]
[Black "Mestek, Igor"]
[Result "1-0"]
[WhiteElo "1843"]
[BlackElo "2080"]
[PlyCount "79"]
[EventDate "2024.09.27"]
[WhiteTeam "TAJFUN - SK LJUBLJANA"]
[BlackTeam "SK KOCEVJE"]

1. e4 d5 2. e5 c5 3. Nf3 Nc6 4. c3 Bg4 5. Bb5 Qb6 6. Bxc6+ bxc6 7. h3 Bf5 8.
O-O Bd3 9. Re1 e6 10. Na3 h6 11. Nc2 g5 12. Ne3 Bg7 13. Nf1 Ne7 14. Ng3 O-O-O
15. Re3 c4 16. Ne1 Ng6 17. Nxd3 cxd3 18. Rxd3 Bxe5 19. Nf1 h5 20. Rf3 Qc7 21.
d4 g4 22. Rd3 Bf4 23. Qa4 gxh3 24. Qa6+ Kd7 25. Rxh3 Bxc1 26. Rxc1 Nf4 27. Rf3
Rhg8 28. g3 Rg7 29. Kh2 Ng6 30. c4 h4 31. cxd5 hxg3+ 32. Nxg3 exd5 33. Rb3 Rh8+
34. Kg1 Nf4 35. Rb7 Ne2+ 36. Kg2 Nxc1 37. Rxc7+ Kxc7 38. Qxa7+ Kd6 39. Qc5+ Kd7
40. Qxc1 1-0

[Event "I. CLANSKA LIGA ZAHOD 2024"]
[Site "Komenda"]
[Date "2024.10.27"]
[Round "9.3"]
[White "Gasparac, Gregor"]
[Black "Markus, David"]
[Result "1/2-1/2"]
[WhiteElo "2087"]
[BlackElo "1771"]
[PlyCount "69"]
[EventDate "2024.09.27"]
[WhiteTeam "SK KOCEVJE"]
[BlackTeam "TAJFUN - SK LJUBLJANA"]

1. g3 d5 2. Bg2 Nf6 3. b3 e5 4. Bb2 Nc6 5. d3 Bd6 6. Nd2 O-O 7. h3 Re8 8. e4
dxe4 9. dxe4 Be6 10. Ngf3 Qe7 11. O-O Rad8 12. Qe2 h6 13. Nc4 Bxc4 14. Qxc4 Ba3
15. Bxa3 Qxa3 16. c3 Qa5 17. a4 Qa6 18. Qxa6 bxa6 19. Nh2 Rd3 20. Rfc1 a5 21.
Ng4 Nxg4 22. hxg4 Re7 23. Bf1 Rd2 24. Bb5 Re6 25. Rd1 Rc2 26. Rd3 Rb2 27. Bc4
Rf6 28. Rf1 Kf8 29. f3 Ke7 30. Rf2 Rb1+ 31. Kg2 Rd6 32. Rfd2 Rxd3 33. Rxd3 Rb2+
34. Kf1 f6 35. Rd5 1/2-1/2

[Event "I. CLANSKA LIGA ZAHOD 2024"]
[Site "Komenda"]
[Date "2024.10.27"]
[Round "9.3"]
[White "Samotorcan, Gal"]
[Black "Acimovic, Dejan"]
[Result "1-0"]
[WhiteElo "1702"]
[BlackElo "1932"]
[PlyCount "107"]
[EventDate "2024.09.27"]
[WhiteTeam "TAJFUN - SK LJUBLJANA"]
[BlackTeam "SK KOCEVJE"]

1. d4 d6 2. Nf3 Nd7 3. Bf4 g6 4. e3 Bg7 5. Nbd2 e5 6. Bg3 Ne7 7. dxe5 dxe5 8.
e4 O-O 9. Bc4 c6 10. c3 b5 11. Bb3 Qc7 12. O-O Nc5 13. Qe2 h6 14. Qe3 Nb7 15.
a4 a5 16. c4 bxa4 17. Bxa4 c5 18. Qc3 f6 19. Rfd1 Bg4 20. Nf1 Nc6 21. Bxc6 Qxc6
22. h3 Be6 23. N3d2 g5 24. Ne3 Rf7 25. Nd5 Bxd5 26. cxd5 Qb5 27. Nc4 Rd7 28. f3
Bf8 29. Ra3 Nd6 30. Nxd6 Bxd6 31. Rb3 Qa4 32. Rc1 Qd4+ 33. Bf2 Qxc3 34. Rbxc3
Rb8 35. Bxc5 Rxb2 36. Bxd6 Rxd6 37. Ra3 Ra6 38. Rc5 Kf7 39. Rcxa5 Rab6 40. Ra7+
Kg6 41. Ra2 Rb1+ 42. Kh2 h5 43. Kg3 f5 44. R7a6 h4+ 45. Kf2 fxe4 46. Rxb6+ Rxb6
47. fxe4 Rb4 48. Rd2 Rxe4 49. d6 Rf4+ 50. Ke3 Rf8 51. d7 Rd8 52. Ke4 Kf6 53.
Rd6+ Ke7 54. Kxe5 1-0

[Event "I. CLANSKA LIGA ZAHOD 2024"]
[Site "Komenda"]
[Date "2024.10.27"]
[Round "9.4"]
[White "Luzar, Emil"]
[Black "Doric, Darko"]
[Result "0-1"]
[WhiteElo "2116"]
[BlackElo "2443"]
[PlyCount "117"]
[EventDate "2024.09.27"]
[WhiteTeam "SK DOLENJSKE TOPLICE"]
[BlackTeam "SK NOVA GORICA"]

1. Nf3 d5 2. g3 c6 3. Bg2 Bg4 4. c4 e6 5. cxd5 Bxf3 6. Bxf3 cxd5 7. d3 Nc6 8.
O-O Nf6 9. Nc3 d4 10. Ne4 Nd5 11. Bd2 Be7 12. Rc1 Rc8 13. Nc5 b6 14. Nb3 O-O
15. a3 Qd7 16. Rc4 Ne5 17. Bxd5 Nxc4 18. Bxc4 b5 19. Na5 bxc4 20. dxc4 e5 21.
Qc2 Qe6 22. Rc1 h5 23. b4 e4 24. c5 e3 25. fxe3 dxe3 26. Bc3 h4 27. Rf1 Rfd8
28. Nb3 hxg3 29. hxg3 Qh3 30. Qe4 Qxg3+ 31. Qg2 Qxg2+ 32. Kxg2 Rd5 33. Rf3 Bg5
34. Nd4 Bf6 35. Nb5 Rg5+ 36. Rg3 Rxg3+ 37. Kxg3 Bxc3 38. Nxc3 Kf8 39. Nb5 Ra8
40. Kf3 Ke7 41. Kxe3 g5 42. Nd6 Ke6 43. Kf3 Rh8 44. Nb5 f5 45. Nxa7 Rh3+ 46.
Kf2 Rxa3 47. Nb5 Ra4 48. Nc7+ Ke5 49. b5 Rf4+ 50. Ke1 Rb4 51. b6 Rb2 52. Kf2 g4
53. Ne8 f4 54. Nd6 Kd5 55. b7 Kxc5 56. Ne4+ Kd4 57. Nf6 g3+ 58. Kf3 Rb3+ 59.
Kg2 0-1

[Event "I. CLANSKA LIGA ZAHOD 2024"]
[Site "Komenda"]
[Date "2024.10.27"]
[Round "9.4"]
[White "Herega, Nejc"]
[Black "Stubljar, Andrej"]
[Result "1-0"]
[WhiteElo "2196"]
[BlackElo "2017"]
[PlyCount "55"]
[EventDate "2024.09.27"]
[WhiteTeam "SK NOVA GORICA"]
[BlackTeam "SK DOLENJSKE TOPLICE"]

1. d4 d5 2. Nf3 Nf6 3. c4 e6 4. g3 Bb4+ 5. Bd2 c5 6. cxd5 exd5 7. Bg2 O-O 8.
O-O Bf5 9. Nc3 Nc6 10. dxc5 d4 11. Na4 Be4 12. Bxb4 Nxb4 13. Nxd4 Bxg2 14. Kxg2
Nxa2 15. Nc2 Qe8 16. Rxa2 b5 17. Nc3 a5 18. Ne3 Qc6+ 19. Ned5 Rfe8 20. Kg1 Ng4
21. Qd4 h5 22. h3 b4 23. hxg4 bxc3 24. bxc3 hxg4 25. Rd1 a4 26. Rda1 Ra5 27.
Ne7+ Rxe7 28. Qd8+ 1-0

[Event "I. CLANSKA LIGA ZAHOD 2024"]
[Site "Komenda"]
[Date "2024.10.27"]
[Round "9.4"]
[White "Pucelj, Joze"]
[Black "Zamar Kodelja, Jurij"]
[Result "0-1"]
[WhiteElo "1986"]
[BlackElo "2239"]
[PlyCount "70"]
[EventDate "2024.09.27"]
[WhiteTeam "SK DOLENJSKE TOPLICE"]
[BlackTeam "SK NOVA GORICA"]

1. e4 c5 2. Nf3 d6 3. Bb5+ Bd7 4. Bxd7+ Qxd7 5. O-O Nf6 6. Re1 Nc6 7. c3 e6 8.
d4 cxd4 9. cxd4 d5 10. e5 Ne4 11. a3 Be7 12. Nbd2 Nxd2 13. Bxd2 O-O 14. Bc3 b5
15. b4 a5 16. Qb3 axb4 17. axb4 Qb7 18. Reb1 Qb6 19. Qb2 Rfc8 20. Ne1 f6 21.
Nd3 fxe5 22. Nxe5 Nxe5 23. dxe5 Ra4 24. Rxa4 bxa4 25. b5 a3 26. Qb3 Rf8 27. Qc2
Bc5 28. Be1 Bd4 29. Qe2 Rf5 30. Qa2 Rxe5 31. Qxa3 Rxe1+ 32. Rxe1 Bxf2+ 33. Kf1
Bxe1 34. Qa8+ Kf7 35. Kxe1 Qxb5 0-1

[Event "I. CLANSKA LIGA ZAHOD 2024"]
[Site "Komenda"]
[Date "2024.10.27"]
[Round "9.4"]
[White "Gregoric, Andraz"]
[Black "Voglar, Peter"]
[Result "1-0"]
[WhiteElo "2175"]
[BlackElo "1858"]
[PlyCount "167"]
[EventDate "2024.09.27"]
[WhiteTeam "SK NOVA GORICA"]
[BlackTeam "SK DOLENJSKE TOPLICE"]

1. e4 c5 2. Nf3 d6 3. c3 a6 4. h3 e6 5. Bd3 Be7 6. Bc2 b5 7. d4 cxd4 8. cxd4
Nf6 9. O-O Bb7 10. Qe2 Nbd7 11. a3 h6 12. Nc3 Rc8 13. Bf4 Nb6 14. Rac1 Nfd7 15.
Bd3 O-O 16. Rfd1 Re8 17. e5 Nf8 18. exd6 Bxd6 19. Ne5 Qf6 20. Bg3 Qe7 21. Qg4
Qg5 22. Qe2 Bxe5 23. dxe5 Ng6 24. Ne4 Bxe4 25. Rxc8 Rxc8 26. Qxe4 Nd5 27. h4
Qe7 28. Qg4 Nf8 29. Be4 f5 30. exf6 Nxf6 31. Qf3 Nxe4 32. Qxe4 Rd8 33. Rc1 Rd5
34. Rc6 a5 35. Be5 Qf7 36. Rc7 Nd7 37. Rc8+ Nf8 38. Rc7 Rd7 39. Qc6 Rxc7 40.
Bxc7 a4 41. Bd6 Qd7 42. Qb6 Nh7 43. Qb8+ Kf7 44. h5 Qe8 45. Qb7+ Kg8 46. Be5
Qf7 47. Qb8+ Nf8 48. Bd6 Qf5 49. Bxf8 Qxf8 50. Qxb5 Qa8 51. b3 axb3 52. Qxb3
Qc6 53. Qe3 Qd5 54. Qf3 Qa5 55. g3 Qa4 56. Kh2 Qa5 57. Kg2 Qa4 58. Qe3 Qc4 59.
Qe5 Kh8 60. Qa5 Qe4+ 61. Kg1 Qb1+ 62. Kg2 Qe4+ 63. Kg1 Qb1+ 64. Kh2 Qb2 65. Qc5
Qa2 66. Kg2 e5 67. Qa5 Qe2 68. Qa8+ Kh7 69. a4 e4 70. Qd5 Kh8 71. a5 Qf3+ 72.
Kg1 Qe2 73. Qc5 Qd1+ 74. Kg2 Qf3+ 75. Kg1 Qd1+ 76. Kh2 Qe2 77. Kh3 Kg8 78. Qd5+
Kh8 79. Kg2 Kh7 80. Qd4 Kh8 81. Qe3 Qxh5 82. a6 Qa5 83. a7 Qa4 84. Qc5 1-0

[Event "I. CLANSKA LIGA ZAHOD 2024"]
[Site "Komenda"]
[Date "2024.10.27"]
[Round "9.4"]
[White "Janko, Marko"]
[Black "Markocic, Tine"]
[Result "0-1"]
[WhiteElo "1708"]
[BlackElo "2077"]
[PlyCount "86"]
[EventDate "2024.09.27"]
[WhiteTeam "SK DOLENJSKE TOPLICE"]
[BlackTeam "SK NOVA GORICA"]

1. e4 c6 2. d4 d5 3. exd5 cxd5 4. Nf3 Nc6 5. Bd3 Bg4 6. c3 Qc7 7. O-O e6 8. h3
Bh5 9. Be3 Bd6 10. Nbd2 Nge7 11. Qc2 a6 12. Rac1 Rc8 13. a3 Bg6 14. Rfe1 h6 15.
Nh4 Bxd3 16. Qxd3 O-O 17. c4 dxc4 18. Nxc4 Nd5 19. Nxd6 Qxd6 20. Nf3 Nce7 21.
Rxc8 Rxc8 22. Rc1 Rxc1+ 23. Bxc1 Qb6 24. Ne5 Nc6 25. Nxc6 Qxc6 26. Bd2 Nf6 27.
Bc3 Qd5 28. Qg3 Ne4 29. Qe3 Nd6 30. Qe5 Nb5 31. Qxd5 exd5 32. Kf1 Nxc3 33. bxc3
Kf8 34. Ke2 Ke7 35. Kd3 Kd6 36. a4 Kc6 37. Kc2 a5 38. Kb3 b5 39. axb5+ Kxb5 40.
c4+ dxc4+ 41. Kc3 a4 42. f4 a3 43. g4 f5 0-1

[Event "I. CLANSKA LIGA ZAHOD 2024"]
[Site "Komenda"]
[Date "2024.10.27"]
[Round "9.4"]
[White "Kobal, Sasa"]
[Black "Gorse, Damjan"]
[Result "1-0"]
[WhiteElo "2036"]
[BlackElo "1848"]
[PlyCount "91"]
[EventDate "2024.09.27"]
[WhiteTeam "SK NOVA GORICA"]
[BlackTeam "SK DOLENJSKE TOPLICE"]

1. d4 Nf6 2. Nf3 g6 3. Bg5 Bg7 4. Nbd2 d5 5. c4 c6 6. Qc2 Bf5 7. Qb3 b6 8. e3
O-O 9. Be2 Nbd7 10. cxd5 cxd5 11. O-O h6 12. Bh4 g5 13. Bg3 e6 14. Rac1 Ne4 15.
Nxe4 dxe4 16. Nd2 e5 17. Qd5 Be6 18. Qxe4 f5 19. Qc6 Re8 20. d5 Bf7 21. f3 Nc5
22. e4 a6 23. Nc4 Rc8 24. Qxb6 fxe4 25. fxe4 Nxe4 26. Qxd8 Rcxd8 27. Rxf7 Kxf7
28. Bh5+ Ke7 29. Bxe8 Kxe8 30. Bxe5 Bxe5 31. Nxe5 Rxd5 32. Nc4 Kf7 33. Rf1+ Ke6
34. Re1 Rd4 35. Nd2 Kd5 36. Nxe4 Rxe4 37. Rxe4 Kxe4 38. b4 Kd4 39. a4 Kc4 40.
b5 axb5 41. axb5 Kxb5 42. Kf2 Kc5 43. Kf3 Kd5 44. Kg4 Ke4 45. g3 Ke5 46. Kh5
1-0

[Event "I. CLANSKA LIGA ZAHOD 2024"]
[Site "Komenda"]
[Date "2024.10.27"]
[Round "9.5"]
[White "Feinig, Mario"]
[Black "Milenkovic, Mladen"]
[Result "0-1"]
[WhiteElo "2247"]
[BlackElo "2295"]
[PlyCount "58"]
[EventDate "2024.09.27"]
[WhiteTeam "SK STARI MAYR KRANJ"]
[BlackTeam "SD DOMZALE"]

1. e4 c5 2. Nf3 g6 3. c3 d5 4. exd5 Qxd5 5. d4 Nf6 6. Nbd2 cxd4 7. Bc4 Qd6 8.
Qb3 e6 9. Nxd4 a6 10. a4 Bg7 11. O-O O-O 12. Rd1 e5 13. N4f3 Qc7 14. Be2 Nc6
15. Nc4 e4 16. Nd4 Nxd4 17. Rxd4 Bg4 18. Bf1 b5 19. axb5 axb5 20. Rxa8 Rxa8 21.
Qxb5 Ra1 22. Qg5 Be6 23. h3 h6 24. Qd2 Nd7 25. Rxe4 Nc5 26. Rxe6 Nxe6 27. b3
Nc5 28. Bb2 Nxb3 29. Qd5 Rxf1+ 0-1

[Event "I. CLANSKA LIGA ZAHOD 2024"]
[Site "Komenda"]
[Date "2024.10.27"]
[Round "9.5"]
[White "Jusic, Zdenko"]
[Black "Djuric, Petar"]
[Result "1-0"]
[WhiteElo "2231"]
[BlackElo "2186"]
[PlyCount "73"]
[EventDate "2024.09.27"]
[WhiteTeam "SD DOMZALE"]
[BlackTeam "SK STARI MAYR KRANJ"]

1. e4 c5 2. Nf3 Nc6 3. c3 Nf6 4. Bd3 d6 5. h3 g6 6. Qe2 Bg7 7. O-O O-O 8. Bc2
Bd7 9. a4 a6 10. Na3 Qc7 11. d4 cxd4 12. cxd4 Nb4 13. Bb3 d5 14. e5 Ne4 15. Bf4
Qb6 16. Qe3 Kh8 17. Rfd1 f6 18. Bh2 Bc6 19. h4 fxe5 20. a5 exd4 21. Qe1 Qc5 22.
Rac1 Qxc1 23. Rxc1 Nd3 24. Qf1 Ndxf2 25. Bc2 Ng4 26. Qe2 Rf5 27. Bd3 Raf8 28.
Rxc6 bxc6 29. Bxe4 dxe4 30. Qxe4 h5 31. Nc4 c5 32. Bc7 Bf6 33. Nce5 Nxe5 34.
Bxe5 Kh7 35. Bc7 e5 36. Bd6 Rf4 37. Ng5+ 1-0

[Event "I. CLANSKA LIGA ZAHOD 2024"]
[Site "Komenda"]
[Date "2024.10.27"]
[Round "9.5"]
[White "Mircic, Ivan"]
[Black "Plaskan, Jure"]
[Result "1-0"]
[WhiteElo "2208"]
[BlackElo "2239"]
[PlyCount "81"]
[EventDate "2024.09.27"]
[WhiteTeam "SK STARI MAYR KRANJ"]
[BlackTeam "SD DOMZALE"]

1. Nf3 Nf6 2. c4 g6 3. g3 Bg7 4. Bg2 O-O 5. O-O d6 6. d4 Nc6 7. Nc3 e5 8. d5
Nb8 9. e4 a5 10. h3 Na6 11. Ne1 Nc5 12. Nd3 Nfd7 13. Nxc5 Nxc5 14. f4 exf4 15.
Bxf4 b6 16. Qd2 Ba6 17. b3 Qf6 18. Rac1 Qd4+ 19. Qxd4 Bxd4+ 20. Kh2 Rfe8 21.
Nb5 Bxb5 22. cxb5 Ra7 23. Rc4 Bg7 24. Rfc1 Re7 25. R1c2 a4 26. b4 Nd3 27. Bg5
f6 28. Bf4 a3 29. Bf1 Nb2 30. Rc6 Rf7 31. Be2 g5 32. Bd2 f5 33. Bh5 Re7 34.
Bxg5 Rxe4 35. Rxc7 Rxc7 36. Rxc7 Rc4 37. Ra7 Rc1 38. Bf7+ Kf8 39. Be6 Rc2+ 40.
Kh1 Be5 41. Ra8+ 1-0

[Event "I. CLANSKA LIGA ZAHOD 2024"]
[Site "Komenda"]
[Date "2024.10.27"]
[Round "9.5"]
[White "Debevec, Blaz"]
[Black "Kersic, Matej"]
[Result "1/2-1/2"]
[WhiteElo "2066"]
[BlackElo "2082"]
[PlyCount "60"]
[EventDate "2024.09.27"]
[WhiteTeam "SD DOMZALE"]
[BlackTeam "SK STARI MAYR KRANJ"]

1. d4 Nf6 2. c4 e6 3. g3 c5 4. d5 exd5 5. cxd5 d6 6. Nc3 a6 7. a4 g6 8. Bg2 Bg7
9. Nf3 O-O 10. O-O Re8 11. Nd2 Nbd7 12. Nc4 Ne5 13. Na3 b5 14. axb5 axb5 15.
Ncxb5 Ba6 16. Nc3 Qb6 17. h3 Nfd7 18. Kh2 Nc4 19. Nxc4 Bxc4 20. Rxa8 Rxa8 21.
Re1 Bb3 22. Qd2 Ne5 23. Qf4 Bc2 24. Be4 Bb3 25. Bg2 Bc2 26. Be4 Bb3 27. Bg2 Bc2
28. Be4 Bb3 29. Bg2 Bc2 30. Be4 Bb3 1/2-1/2

[Event "I. CLANSKA LIGA ZAHOD 2024"]
[Site "Komenda"]
[Date "2024.10.27"]
[Round "9.5"]
[White "Bulatovic, Milorad"]
[Black "Markosek, Maj"]
[Result "0-1"]
[WhiteElo "1942"]
[BlackElo "1986"]
[PlyCount "130"]
[EventDate "2024.09.27"]
[WhiteTeam "SK STARI MAYR KRANJ"]
[BlackTeam "SD DOMZALE"]

1. b4 c6 2. Bb2 a5 3. a3 axb4 4. axb4 Rxa1 5. Bxa1 Qb6 6. c3 d5 7. e3 e5 8. Nf3
f6 9. Qc2 Be6 10. Be2 Be7 11. O-O Nh6 12. d3 O-O 13. Nbd2 Nd7 14. Bb2 Ra8 15.
h3 Nf7 16. Ra1 Rxa1+ 17. Bxa1 Qa7 18. Qb1 b6 19. Bb2 Nd6 20. Bd1 c5 21. bxc5
bxc5 22. Bc2 g6 23. Bb3 c4 24. dxc4 dxc4 25. Bc2 Nc5 26. Ne1 Kg7 27. Qc1 Nb3
28. Nxb3 cxb3 29. Bd3 Nc4 30. Bxc4 Bxc4 31. Nf3 Qa2 32. Nd2 Bd3 33. Kh2 Bc2 34.
h4 Qa4 35. g3 Qg4 36. f3 Qd7 37. Kg2 Bc5 38. Kf2 Qh3 39. Qg1 h5 40. Ke2 Qd7 41.
Qe1 Bd3+ 42. Kf2 Qh3 43. Qg1 Qe6 44. Qd1 Bc2 45. Qc1 Qf5 46. Qe1 g5 47. hxg5
Qxg5 48. Nf1 h4 49. Kg2 Bd3 50. f4 Bxf1+ 51. Kxf1 Qxg3 52. Qxg3+ hxg3 53. fxe5
fxe5 54. Kg2 Bxe3 55. Kxg3 Kf6 56. Kf3 Bc5 57. Ke4 Ke6 58. c4 Bd4 59. Bxd4 exd4
60. Kd3 Kd6 61. Kd2 Kc5 62. Kd3 Kb4 63. Kxd4 b2 64. c5 b1=Q 65. c6 Qc2 0-1

[Event "I. CLANSKA LIGA ZAHOD 2024"]
[Site "Komenda"]
[Date "2024.10.27"]
[Round "9.5"]
[White "Markosek, Bine"]
[Black "Usenicnik, Matej"]
[Result "1-0"]
[WhiteElo "1989"]
[BlackElo "1892"]
[PlyCount "95"]
[EventDate "2024.09.27"]
[WhiteTeam "SD DOMZALE"]
[BlackTeam "SK STARI MAYR KRANJ"]

1. e4 c6 2. d4 d5 3. exd5 cxd5 4. Bd3 Nc6 5. c3 Nf6 6. Bf4 Bg4 7. Qb3 Qc8 8.
Nd2 e6 9. Ngf3 Bh5 10. O-O Bg6 11. Bxg6 hxg6 12. Rfe1 Be7 13. c4 O-O 14. Rac1
Nh5 15. Be5 Rd8 16. c5 Nxe5 17. Nxe5 Bg5 18. Red1 Nf6 19. c6 b6 20. Rc2 Bxd2
21. Rdxd2 Qc7 22. Qh3 Ne4 23. Rd3 Nd6 24. Rf3 Rf8 25. Qh4 Qd8 26. Qg4 Qe7 27.
h4 Kh7 28. h5 g5 29. Rh3 f5 30. Qe2 Rfe8 31. g4 Nf7 32. gxf5 exf5 33. Re3 Nxe5
34. Rxe5 Qf7 35. c7 Rxe5 36. Qxe5 Qd7 37. b4 Rc8 38. b5 Kg8 39. Rc6 Qf7 40. Qd6
Kh7 41. Qe5 g4 42. h6 g6 43. Re6 Rxc7 44. Re8 Kxh6 45. Qh2+ Kg5 46. f4+ gxf3
47. Qg3+ Kh6 48. Qh4+ 1-0